000 00399nam a22001697a 4500
003 koha_MIRAKIL
005 20231213095550.0
008 231213b |||||||| |||| 00| 0 ||| d
040 _aTR-IsEVY
_btur
_cTR-IsEVY
082 _a810 AYV/B
100 _aAYVERDİ, SAMİHA.
245 0 _aBAĞ BOZUMU.
260 _bHülbe,
_c1987
300 _a317.
650 _aTürk Edebiyatı.
942 _2ddc
_cBK
999 _c5749
_d5749